header

Qualitative research in nursing and healthcare (Record no. 67801)

MARC details
000 -LEADER
fixed length control field 02397nam a2200397 a 4500
082 04 - DEWEY DECIMAL CLASSIFICATION NUMBER
Classification number 610.73072
100 1# - MAIN ENTRY--AUTHOR NAME
Personal name Holloway, Immy.
245 10 - TITLE STATEMENT
Title Qualitative research in nursing and healthcare
250 ## - EDITION STATEMENT
Edition statement 3rd ed.
260 ## - PUBLICATION, DISTRIBUTION, ETC. (IMPRINT)
Place of publication Chichester ;
-- Ames, Iowa :
Name of publisher Wiley-Blackwell,
Year of publication 2010.
300 ## - PHYSICAL DESCRIPTION
Number of Pages xii, 351 p.
500 ## - GENERAL NOTE
General note Rev. ed. of: Qualitative research in nursing / Immy Holloway, Stephanie Wheeler. 2nd ed. 2002.
505 0# - FORMATTED CONTENTS NOTE
Formatted contents note The nature and utility of qualitative research -- The paradigm debate : the place of qualitative research -- Initial steps in the research process -- Ethical considerations -- The issue of supervision -- Interviewing -- Participant observation and documents as sources of data -- Focus groups as qualitative research -- Sampling and site selection -- Ethnography -- Grounded theory -- Narrative inquiry -- Phenomenology -- Action research -- Additional approaches -- Mixed methods : combining qualitative and quantitative research -- Data analysis, procedures, practices, and computers -- Establishing quality : trustworthiness or validity -- Writing up qualitative research.
Formatted contents note pt. 1. Introduction to qualitative research : initial stages -- pt. 2. Data collection -- pt. 3. Approaches to qualitative research -- pt. 4. Data analysis and completion.
650 #0 - SUBJECT ADDED ENTRY--TOPICAL TERM
Topical Term Nursing
Topical Term Qualitative research.
700 1# - ADDED ENTRY--PERSONAL NAME
Personal name Wheeler, Stephanie.
Personal name Holloway, Immy.
856 40 - ELECTRONIC LOCATION AND ACCESS
Uniform Resource Identifier http://site.ebrary.com/lib/rucke/Doc?id=10660551

No items available.

© 2026 Rongo University
Contact us: librarian | system librarian | Rongo university